000 00186 a2200097 4500
020 _a9780743454537
041 _aeng
100 _aPicoult, Jodi
245 _aMy sisters keeper
942 _cBK
999 _c8880
_d8880